000 01080nam a22002897a 4500
001 6085
003 FISKH
005 20250312121640.0
008 250310b cb ||||| |||| 00| 0 eng d
020 _a9780545361590
040 _aFISKH
_beng
_cFISKH
_dFISKH
050 _aPZ7.B5347 F
082 _a 823.92
100 _aBlade, Adam
245 _aThe chronicles of Avantia :
_bFirst hero /
_cBy Adam Blade
250 _aFirst paperback in 2012
260 _aNew York :
_bScholastic,
_c2010
300 _a170 pages :
_c20 cm
505 _aR
520 _aFifteen-year-old Tanner, with the good Beast Firepos the Flame Bird, is waiting to avenge his father's death by warlord Derthsin when Avantia is menaced by an evil army seeking the pieces of the Mask of Death, which allows its wearer to control all Beasts, and Tanner, aided by twins Gwen and Geffen, sets out to find the pieces first.
521 8 _a720
_bLexile
521 8 _aR
_bRaz-Plus
650 _2Accelerated Reader
_aLilly
650 _2Maren
_aChildren 8+
942 _2ddc
_cBK
_n0
999 _c6085
_d6085